000 00891nam1a22002771 4500
001 v19\rc\2034544
005 20250417102726.0
035 _a(NLR Aleph) 005113075
090 _a7514198
_c7514198
100 _a20080925d1917 |||y0rusy50 ca
101 0 _arus
102 _aRU
105 _ay z |||||
200 1 _aДолой анархию!
_eКн. 1-
_fБр. Гордины
210 _aПетроград
_cСоюз пяти угнетенных
_d1917
215 _d23
532 1 3 _aДолой анархию!
700 1 _aГордин
_bВ. Л.
_f1885-1974
_gВладимир Львович
_3RU\NLR\AUTH\7754794
701 1 _aГордин
_bА. Л.
_f1887-1964
_gАба Львович
_3RU\NLR\AUTH\7754792
801 0 _aRU
_bNLR
_gpsbo
801 0 _aRU
_bRuMoRGB
_2psbo
801 1 _aRU
_bProSoft-M
_2rusmarc
852 _aNLR
_j37.60.8.514
942 _cBOOK
980 _aNB